Vysoké záhony /

Hlavní autor: Hudak, Renate
Další autoři: Harazim, Harald, 1965-, Větvička, Václav, 1938-
Jazyk: Čeština
Vydáno: Praha : Vašut, 2016
Vydání: České vydání první
Edice: Jak na to (Jan Vašut)
Témata:
Fyzický popis: 64 stran : barevné ilustrace ; 20 cm
Knihy
Uloženo v:
LEADER 02069nam a2200589 i 4500
001 nkc20162796318
003 CZ PrNK
005 20240212092912.0
007 ta
008 160506s2016 xr a e f 001 0 cze
015 |a cnb002796318 
020 |a 978-80-7236-990-4  |q (brožováno) 
035 |a (OCoLC)951554228 
040 |a OLA001  |b cze  |d ABA001  |e rda 
041 1 |a cze  |h ger 
072 7 |a 635  |x Zahrádkářství  |2 Konspekt  |9 24 
080 |a 635.9.01/.04  |2 MRF 
080 |a 633/635.01/.04  |2 MRF 
080 |a 631.23  |2 MRF 
080 |a (035)  |2 MRF 
100 1 |a Hudak, Renate  |7 xx0023497  |4 aut 
240 1 0 |a Hochbeete.  |l Česky 
245 1 0 |a Vysoké záhony /  |c Renate Hudak a Harald Harazim 
250 |a České vydání první 
264 1 |a Praha :  |b Vašut,  |c 2016 
300 |a 64 stran :  |b barevné ilustrace ;  |c 20 cm 
336 |a text  |b txt  |2 rdacontent 
336 |a statický obraz  |b sti  |2 rdacontent 
337 |a bez média  |b n  |2 rdamedia 
338 |a svazek  |b nc  |2 rdacarrier 
490 1 |a Jak na to 
500 |a Z němčiny přeložil Václav Větvička 
504 |a Obsahuje bibliografické odkazy a rejstřík 
650 0 7 |a pěstování okrasných rostlin  |7 ph134962  |2 czenas 
650 0 7 |a pěstování užitkových rostlin  |7 ph305446  |2 czenas 
650 0 7 |a pěstování zahradních rostlin  |7 ph124860  |2 czenas 
650 0 7 |a vysoké záhony  |7 ph1122172  |2 czenas 
650 0 9 |a ornamental plants cultivation  |2 eczenas 
650 0 9 |a useful plants cultivation  |2 eczenas 
650 0 9 |a garden plants cultivation  |2 eczenas 
650 0 9 |a raised bed gardening  |2 eczenas 
655 7 |a příručky  |7 fd133209  |2 czenas 
655 9 |a handbooks and manuals  |2 eczenas 
700 1 |a Harazim, Harald,  |d 1965-  |7 xx0200463  |4 aut 
700 1 |a Větvička, Václav,  |d 1938-  |7 jn99240001407  |4 trl 
830 0 |a Jak na to (Jan Vašut)  |0 s 
910 2 |a BOA001  |b 1-1367.411 
928 9 |a Jan Vašut 
990 |a BK 
995 |a 01 
991 |b 201605  |c NOV 
996 6 |b 2610670185  |c 1-1367.411  |l MZK  |r Sklad / do 1 hodiny  |n 5  |p p.v.  |w 001560873  |u 000010  |a 1  |e BOA001  |j MZK50  |s P